Nurturing families around the world : (Record no. 83820)
[ view plain ]
| 000 -LEADER | |
|---|---|
| fixed length control field | 01517nam a22002657a 4500 |
| 005 - DATE AND TIME OF LATEST TRANSACTION | |
| control field | 20140507123140.0 |
| 010 ## - LCCN (DPL NO) | |
| LC control number | ENG-109808 |
| 020 ## - INTERNATIONAL STANDARD BOOK NUMBER | |
| International Standard Book Number | 9788132111351 |
| Terms of availability | 550.00 |
| 035 ## - SYSTEM CONTROL NUMBER | |
| System control number | EN-93341 |
| 037 ## - SOURCE OF ACQUISITION | |
| Source of stock number/acquisition | DBAD/PUB |
| 082 ## - DEWEY DECIMAL CLASSIFICATION NUMBER | |
| Classification number | 306.85 |
| 245 00 - TITLE STATEMENT | |
| Title | Nurturing families around the world : |
| Statement of responsibility, etc | edited by Catherine Bernard [and] John. J. Shea |
| Remainder of title | building a culture of peace / |
| 260 ## - PUBLICATION, DISTRIBUTION, ETC. (IMPRINT) | |
| Place of publication, distribution, etc | New Delhi |
| Name of publisher, distributor, etc | Sage Publications |
| Date of publication, distribution, etc | 2014 |
| 270 ## - ADDRESS | |
| Address | B1/I-1 Mohan Cooperative Industrial Area Mathura Road |
| City | New Delhi |
| Postal code | 110044 |
| 300 ## - PHYSICAL DESCRIPTION | |
| Extent | xxxiv,121p. |
| Dimensions | 22cm(Hb) |
| 500 ## - GENERAL NOTE | |
| General note | Includes bibliographical references and index. |
| 505 ## - FORMATTED CONTENTS NOTE | |
| Formatted contents note | List of figures -- Preface -- Introduction / by Catherine Bernard -- Nurture, key to the security of the 21st century family / Joan Haliburn -- Polishing the jewels of humanity : sharing responsibility for children / Victoria Wyszynski Thoresen -- Children’s emotional well-being in the era of globalization / Sami Timimi -- Intimacy : stabilizing and strengthening family life / Beverly Musgrave -- The power of the individual in building a culture of peace / John J. Shea -- Future of the family and the family of the future : the unity-based family and -- The advent of a civilization of peace / H. B. Danesh -- About the editors and contributors -- Index. |
| 650 ## - SUBJECT ADDED ENTRY--TOPICAL TERM | |
| Topical term or geographic name as entry element | Families. |
| 650 ## - SUBJECT ADDED ENTRY--TOPICAL TERM | |
| Topical term or geographic name as entry element | Nurturing behavior. |
| 650 ## - SUBJECT ADDED ENTRY--TOPICAL TERM | |
| Topical term or geographic name as entry element | Parenting. |
| 650 ## - SUBJECT ADDED ENTRY--TOPICAL TERM | |
| Topical term or geographic name as entry element | Children. |
| 700 ## - ADDED ENTRY--PERSONAL NAME | |
| Personal name | Catherine Bernard |
| 700 ## - ADDED ENTRY--PERSONAL NAME | |
| Personal name | Shea ,John. J. |
| 942 ## - ADDED ENTRY ELEMENTS (KOHA) | |
| Source of classification or shelving scheme | Dewey Decimal Classification |
| Item type | English Books |
| Call number suffix | NUR |
| Classification part | 306.85 |
| Withdrawn status | Lost status | Not for loan | Collection code | Home library | Current library | Date acquired | Source of acquisition | Cost, normal purchase price | Full call number | Barcode | Copy number | Cost, replacement price | Koha item type |
|---|---|---|---|---|---|---|---|---|---|---|---|---|---|
| Not For Loan | Non-fiction | D.B.Act.Division | D.B.Act.Division | 28/04/2014 | DBAD/PUB | 550.00 | NUR | EN-93341 | 1 | 550.00 | English Books |
